Seattle Kraken Leaders - Statistics

General Stats
  • This quiz has been taken 42 times
    8 since last reset
  • The average score is 36 of 85
Answer Stats
Stat Number Answer % Correct
Most Goals 82 Matty Beniers
83%
Most Assists 114 Matty Beniers
83%
Most Points 196 Matty Beniers
83%
Most Games Played 331 Matty Beniers
83%
Most Game Winning Goals 8 Matty Beniers
83%
Most Assists 95 Adam Larsson
67%
Most Points 129 Adam Larsson
67%
Most Games Played 409 Adam Larsson
67%
Most Game Winning Goals 8 Adam Larsson
67%
Most Goals 138 Jared McCann
67%
Most Assists 145 Jared McCann
67%
Most Points 283 Jared McCann
67%
Most Games Played 367 Jared McCann
67%
Most Game Winning Goals 12 Jared McCann
67%
Most Games Played (Goalie) 164 Joey Daccord
67%
Most Wins 68 Joey Daccord
67%
Most Shutouts 7 Joey Daccord
67%
Best Career Save Percentage .904 Joey Daccord
67%
Best Career Goals Against Average 2.80 Joey Daccord
67%
Most Goals 93 Jordan Eberle
67%
Most Assists 139 Jordan Eberle
67%
Most Points 232 Jordan Eberle
67%
Most Games Played 361 Jordan Eberle
67%
Most Game Winning Goals 13 Jordan Eberle
67%
Most Games Played (Goalie) 188 Philipp Grubauer
67%
Most Wins 70 Philipp Grubauer
67%
Most Shutouts 4 Philipp Grubauer
67%
Best Career Save Percentage .894 Philipp Grubauer
67%
Best Career Goals Against Average 3.00 Philipp Grubauer
67%
Most Games Played 389 Jamie Oleksiak
50%
Most Games Played (Goalie) 5 Matt Murray
50%
Best Career Save Percentage .922 Matt Murray
50%
Best Career Goals Against Average 2.21 Matt Murray
50%
Most Goals 54 Vince Dunn
50%
Most Assists 174 Vince Dunn
50%
Most Points 228 Vince Dunn
50%
Most Games Played 356 Vince Dunn
50%
Most Game Winning Goals 8 Vince Dunn
50%
Most Game Winning Goals 7 Brandon Montour
33%
Most Goals 67 Eeli Tolvanen
33%
Most Assists 72 Eeli Tolvanen
33%
Most Points 139 Eeli Tolvanen
33%
Most Games Played 288 Eeli Tolvanen
33%
Most Game Winning Goals 9 Eeli Tolvanen
33%
Most Goals 79 Jaden Schwartz
33%
Most Assists 89 Jaden Schwartz
33%
Most Points 168 Jaden Schwartz
33%
Most Games Played 301 Jaden Schwartz
33%
Most Game Winning Goals 10 Jaden Schwartz
33%
Most Games Played (Goalie) 48 Martin Jones
33%
Most Wins 27 Martin Jones
33%
Most Shutouts 3 Martin Jones
33%
Best Career Save Percentage .886 Martin Jones
33%
Best Career Goals Against Average 2.99 Martin Jones
33%
Most Games Played (Goalie) 4 Niklas Kokko
33%
Most Wins 1 Niklas Kokko
33%
Best Career Save Percentage .875 Niklas Kokko
33%
Best Career Goals Against Average 3.18 Niklas Kokko
33%
Most Goals 36 Shane Wright
33%
Most Game Winning Goals 7 Shane Wright
33%
Most Goals 52 Yanni Gourde
33%
Most Assists 94 Yanni Gourde
33%
Most Points 146 Yanni Gourde
33%
Most Games Played 271 Yanni Gourde
33%
Most Game Winning Goals 7 Yanni Gourde
33%
Most Points 100 Alexander Wennberg
17%
Most Game Winning Goals 9 Alexander Wennberg
17%
Most Assists 71 Chandler Stephenson
17%
Most Points 100 Chandler Stephenson
17%
Most Games Played (Goalie) 29 Chris Driedger
17%
Most Wins 10 Chris Driedger
17%
Most Shutouts 1 Chris Driedger
17%
Best Career Save Percentage .890 Chris Driedger
17%
Best Career Goals Against Average 2.74 Chris Driedger
17%
Most Goals 56 Oliver Bjorkstrand
17%
Most Assists 85 Oliver Bjorkstrand
17%
Most Points 141 Oliver Bjorkstrand
17%
Most Games Played (Goalie) 2 Victor Ostman
17%
Best Career Save Percentage .957 Victor Ostman
17%
Best Career Goals Against Average 1.50 Victor Ostman
17%
Most Games Played (Goalie) 1 Ales Stezka
0%
Best Career Save Percentage .870 Ales Stezka
0%
Best Career Goals Against Average 3.09 Ales Stezka
0%
Most Goals 41 Brandon Tanev
0%
Most Games Played 238 Brandon Tanev
0%
No matching quizzes found
Score Distribution
Percent of People with Each Score
Percentile by Number Answered
Your Score History
You have not taken this quiz since the last reset